000 00260nam a22000977a 4500
008 240902b |||||||| |||| 00| 0 eng d
020 _a9789355571243
100 _aSharma Savita
_97796
245 _aHome Science-XII
260 _aNew Delhi
_bNew Saraswati House
_c2022
999 _c12642
_d12642